000 00594nam a22001937a 4500
999 _c13435
_d13435
003 AR-CdUCM
008 190415b ||||| |||| 00| 0 spa d
040 _aMUNICIPALIDAD PROVINCIAL DEL CUSCO
_cBIBLIOTECA MUNICIPAL DEL CUSCO
082 _a869.924 /
_bJ53 / 1928
100 _aJiménez, Max
_926818
245 _aUnos fantoches ... /
260 _aSan José :
_bEdiciones de El Convivio,
_c1928.
300 _a50 páginas ;
_c19 cm.
505 _aContenido: Teatro.
650 _aTeatro costarricenses
_931855
650 _aSiglo XX
_98
942 _2ddc
_cLIBROS
945 _aachl
_d2019-04-15